Dalam Kilat Ada Kilau : Mohd.Ariff Bakar
| Main Author: | |
|---|---|
| Format: | Book |
| Published: |
Kuala Lumpur :
Pustaka Bakti Wira ,
1996
|
| Series: | Siri bidalan Melayu
|
MARC
| LEADER | 00000cam a2200000 7i4500 | ||
|---|---|---|---|
| 001 | 0000007029 | ||
| 002 | 000007567 | ||
| 005 | 20000330.0 | ||
| 020 | |a 9838270847 | ||
| 090 | 0 | 0 | |a JF |b MOH |
| 100 | 0 | |a Mohd.Ariff Bakar | |
| 245 | 0 | 0 | |a Dalam Kilat Ada Kilau : |b Mohd.Ariff Bakar |
| 260 | |a Kuala Lumpur : |b Pustaka Bakti Wira , |c 1996 | ||
| 300 | |a 51p. : |b ill ; |c 21cm. | ||
| 490 | 0 | |a Siri bidalan Melayu | |
| 999 | |a 054498 |b BUKU |c PINJAMAN |e PERPUSTAKAAN KOMUNITI CAW KOTA DAMANSARA | ||
| 999 | |a 054499 |b BUKU |c PINJAMAN |e PERPUSTAKAAN KOMUNITI CAW KOTA DAMANSARA | ||